000 00546nam a2200217Ia 4500
001 37459
005 20240114001934.0
007 ta
008 070611s g b000 u 465 u
040 _aCotton College,Assam
041 _a465
082 _a822.5109
_bW 695 D
100 _aWilliam, Raymad .
245 0 _aDrama from Ibsen to brecht /
_cRaymad William.
_hTextual Documents
250 _ana /
653 _aEnglish drama-Criticism
653 _aG-English
942 _2ddc
_cBK
999 _c37438
_d37438